<?xml version="1.0" encoding="UTF-8"?><?xml-stylesheet type="text/xsl" href="static/style.xsl"?><OAI-PMH xmlns="http://www.openarchives.org/OAI/2.0/" xmlns:xsi="http://www.w3.org/2001/XMLSchema-instance" xsi:schemaLocation="http://www.openarchives.org/OAI/2.0/ http://www.openarchives.org/OAI/2.0/OAI-PMH.xsd"><responseDate>2026-04-28T19:52:48Z</responseDate><request verb="GetRecord" identifier="oai:uvadoc.uva.es:10324/75706" metadataPrefix="marc">https://uvadoc.uva.es/oai/request</request><GetRecord><record><header><identifier>oai:uvadoc.uva.es:10324/75706</identifier><datestamp>2025-05-08T19:03:05Z</datestamp><setSpec>com_10324_38</setSpec><setSpec>col_10324_852</setSpec></header><metadata><record xmlns="http://www.loc.gov/MARC21/slim" xmlns:doc="http://www.lyncode.com/xoai" xmlns:xsi="http://www.w3.org/2001/XMLSchema-instance" xmlns:dcterms="http://purl.org/dc/terms/" xsi:schemaLocation="http://www.loc.gov/MARC21/slim http://www.loc.gov/standards/marcxml/schema/MARC21slim.xsd">
<leader>00925njm 22002777a 4500</leader>
<datafield tag="042" ind1=" " ind2=" ">
<subfield code="a">dc</subfield>
</datafield>
<datafield tag="720" ind1=" " ind2=" ">
<subfield code="a">Insúa Izquierdo, Alicia Magdalena de la</subfield>
<subfield code="e">author</subfield>
</datafield>
<datafield tag="260" ind1=" " ind2=" ">
<subfield code="c">2024</subfield>
</datafield>
<datafield tag="520" ind1=" " ind2=" ">
<subfield code="a">El presente trabajo tiene como finalidad el estudio y gestión interna del Plan de Recuperación, Transformación y Resiliencia. La Comisión Europea aprobó el Plan que permitirá disponer de unos recursos económicos que impulsará la economía española hacia un transición más verde y digital. &#xd;
El Plan está sustentado sobre cuatro ejes principales: la transición ecológica, la transformación digital, cohesión territorial y social, e igualdad de género. &#xd;
Se da especial importancia a la transición verde y digital, en donde España supera satisfactoriamente los estándares recomendados por la UE. Otro punto importante, es la protección de los intereses financieros de la UE mediante la aprobación de un Plan de Medidas Antifraude y un estricto control. &#xd;
Por último, se analiza la ejecución del Plan para comprobar el impacto del mismo en la recuperación de la economía española</subfield>
</datafield>
<datafield tag="024" ind2=" " ind1="8">
<subfield code="a">https://uvadoc.uva.es/handle/10324/75706</subfield>
</datafield>
<datafield tag="245" ind1="0" ind2="0">
<subfield code="a">Fondos Next Generation EU: Aplicación práctica del desarrollo de los fondos</subfield>
</datafield>
</record></metadata></record></GetRecord></OAI-PMH>